|
|
|
|
| LEADER |
01423nam a2200289 a 4500 |
| 001 |
3557064 |
| 008 |
091103s1997 bg ab b 000 0 eng d |
| 010 |
|
|
|a \\\97904196
|
| 020 |
|
|
|a 984051368X
|
| 025 |
|
|
|a B-E-97-904196; 17
|
| 040 |
|
|
|a DLC
|c DLC
|
| 082 |
0 |
0 |
|a 338.3/72/095492
|2 21
|
| 245 |
0 |
0 |
|a Openwater fisheries of Bangladesh /
|c editors, Chu-fa Tsai and M. Youssouf Ali.
|
| 260 |
|
|
|a Dhaka, Bangladesh :
|b Published for Bangladesh Centre for Advanced Studies, University Press Ltd.,
|c 1997.
|
| 300 |
|
|
|a xiii, 212 p. :
|b ill., maps ;
|c 25 cm.
|
| 520 |
|
|
|a Contributed articles.
|
| 504 |
|
|
|a Includes bibliographical references.
|
| 541 |
1 |
|
|e 00007559
|
| 650 |
|
0 |
|a Fisheries
|z Bangladesh.
|
| 700 |
1 |
|
|a Tsai, Chu-fa.
|
| 700 |
1 |
|
|a Ali, M. Youssouf
|q (Muhammad Youssouf)
|
| 710 |
2 |
|
|a Bangladesh Centre for Advanced Studies.
|
| 852 |
4 |
|
|a Ayesha Abed Library
|j General shelf
|
| 999 |
|
|
|c 5096
|d 5096
|
| 952 |
|
|
|0 0
|1 0
|2 ddc
|4 0
|6 338_372095492000000_OPE_1997
|7 0
|9 4949
|a BRACUL
|b BRACUL
|c GEN
|d 2009-11-04
|g 360.00
|l 0
|o 338.372095492 OPE
|p 3010007559
|r 2009-11-04
|t 1
|v 720.00
|w 2009-11-04
|y BK
|
| 952 |
|
|
|0 0
|1 0
|2 ddc
|4 0
|6 338_300000000000000_72_095492_OPE
|7 0
|9 43054
|a SCL
|b SCL
|c GEN
|d 1998-11-11
|g 360.00
|l 0
|o 338.372095492 OPE
|p 3020000467
|r 2014-07-09
|t 2
|w 2014-07-09
|y BK
|
| 952 |
|
|
|0 0
|1 0
|2 ddc
|4 0
|6 338_300000000000000_72_095492_OPE
|7 0
|9 54535
|a SCL
|b SCL
|c GEN
|d 2015-06-27
|g 360.00
|l 0
|o 338.372095492 OPE
|p 3020005323
|r 2015-06-27
|t 3
|w 2015-06-27
|y BK
|